Switzerland Anthem Lyrics - Statistics

General Stats
  • This quiz has been taken 15 times
  • The average score is 6 of 9
Answer Stats
Text % Correct
Seh’ ich dich im Strahlenmeer,
86%
Trittst im Morgenrot daher,
86%
Wenn der Alpenfirn sich rötet,
79%
Betet, freie Schweizer, betet,
71%
Eure fromme Seele ahnt...
71%
Eure fromme Seele ahnt...
71%
Dich, du Hocherhabener, Herrlicher!
57%
Gott im hehren Vaterland!
36%
Gott, den Herrn im hehren Vaterland!
21%
No matching quizzes found
Score Distribution
Percent of People with Each Score
Percentile by Number Answered
Your Score History
You have not taken this quiz